The war of the Peloponnesians and the Athenians
Thucydides' classic work is a foundational text in the history of Western political thought. This new translation includes extensive reference material for non-specialists, including maps, glossaries, biographies, chronological charts, notes and an appendix of ancient sources in translation.
Saved in:
| Main Author: | |
|---|---|
| Other Authors: | |
| Format: | Book |
| Language: | English |
| Published: |
Cambridge
Cambridge University Press
2013
|
| Subjects: | |
| Tags: |
Add Tag
No Tags, Be the first to tag this record!
|
| Call Number : | DF 229.T5 T48 2013 |
MARC
| LEADER | 00000nam a2200000 i 4500 | ||
|---|---|---|---|
| 001 | 50659 | ||
| 003 | MY-KLNDU | ||
| 005 | 20241219013754.0 | ||
| 008 | 221104 2013 xxkab abi 001 0 eng d | ||
| 020 | |a 9780521612586 (paperback) | ||
| 039 | 9 | |a 202211041213 |b VLOAD |c 201910031519 |d johari |y 201904021528 |z helmey | |
| 040 | |a UPNM |b eng |c UPNM |e rda | ||
| 090 | |a DF 229.T5 |b T48 2013 | ||
| 100 | 0 | |a Thucydides, |e author. | |
| 240 | 1 | 0 | |a History of the Peloponnesian War. |l English |
| 245 | 1 | 4 | |a The war of the Peloponnesians and the Athenians |c Thucydides ; edited and translated by Jeremy Mynott. |
| 264 | 1 | |a Cambridge |b Cambridge University Press |c 2013 | |
| 300 | |a lxiv, 690 pages |b illustrations, maps |c 23 cm. | ||
| 336 | |a text |2 rdacontent | ||
| 337 | |a unmediated |2 rdamedia | ||
| 338 | |a volume |2 rdacarrier | ||
| 504 | |a Includes bibliographical references (pages 609-614) and index. | ||
| 520 | |a Thucydides' classic work is a foundational text in the history of Western political thought. This new translation includes extensive reference material for non-specialists, including maps, glossaries, biographies, chronological charts, notes and an appendix of ancient sources in translation. | ||
| 592 | |a 25769 |b 23/07/2019 |c RM 118.75 |h Pustaka Kamza | ||
| 651 | 0 | |a Greece |x History |y Peloponnesian War, 431-404 B.C. | |
| 700 | 1 | |a Mynott, Jeremy, |e editor. | |
| 999 | |a vtls000063117 |c 50659 |d 50659 | ||


